[Event "DVM U14w 2012"]
[Site "Magdeburg GER"]
[Date "2012.12.27"]
[Round "1"]
[White "Kluge, Leyla"]
[Black "Manusina, Nicole"]
[Result "0-1"]
[Termination "normal"]
[Board "1.1"]
[WhiteElo "1436"]
[BlackElo "1772"]
[WhiteTeam "USG Chemnitz"]
[BlackTeam "SG Oesede-Georgsmarienhütte"]
[WhiteFideId "12918172"]
[BlackFideId "24657514"]
[EventCountry "GER"]
[EventRounds "7"]
[EventType "team-swiss"]
[EventDate "2012.12.26"]

1. c4 e6 2. Nc3 Nf6 3. Nf3 d5 4. cxd5 exd5 5. d4 c6 6. g3 Be7 7. Bg2 O-O 8. O-O
Nbd7 9. e3 Re8 10. Bd2 Bd6 11. Qc2 Nb6 12. Rac1 Bd7 13. a3 Rc8 14. Qb3 Ne4 15.
Qa2 Bg4 16. b4 Qf6 17. Ne1 Ng5 18. Qc2 Nh3+ 19. Bxh3 Bxh3 20. Ng2 Nc4 21. Qa2
Qf3 22. Nh4 Qg4 23. Ng2 Re6 24. e4 Nxd2 25. Qxd2 dxe4 26. Qe2 Qf3 27. Qxf3 exf3
28. Nh4 Bxf1 29. Kxf1 Rce8 30. Nxf3 h6 31. Rc2 a5 32. Rb2 axb4 33. axb4 Ra8 34.
d5 cxd5 35. Nxd5 Ra1+ 36. Kg2 Rd1 37. Ne3 Rd3 38. Rb1 Re4 39. b5 Bc5 40. Ne1
Rd2 41. Kf3 Re6 42. Rb3 Rf6+ 43. Kg4 Bxe3 44. Rxe3 Rdxf2 45. Nf3 h5+ 46. Kxh5
R2xf3 47. Re5 Rf2 48. h4 Rg2 49. Rg5 Rh6+ 50. Kg4 Rg6 51. Rxg6 fxg6 52. Kf3 Rb2
0-1

[Event "DVM U14w 2012"]
[Site "Magdeburg GER"]
[Date "2012.12.27"]
[Round "1"]
[White "Böhm, Jana"]
[Black "Graf, Pia"]
[Result "1-0"]
[Termination "normal"]
[Board "1.2"]
[WhiteElo "1701"]
[BlackElo "1475"]
[WhiteTeam "SG Oesede-Georgsmarienhütte"]
[BlackTeam "USG Chemnitz"]
[WhiteFideId "24661589"]
[BlackFideId "12917737"]
[EventCountry "GER"]
[EventRounds "7"]
[EventType "team-swiss"]
[EventDate "2012.12.26"]

1. e4 e6 2. d4 d5 3. Nd2 b6 4. Bd3 Ba6 5. Qe2 Bxd3 6. Qxd3 c5 7. c3 Nc6 8. Ndf3
Qd7 9. Ne2 Be7 10. Bd2 Nf6 11. Ng3 Rd8 12. e5 c4 13. Qe2 Ng8 14. Nh5 Bf8 15.
Bg5 Nce7 16. b3 h6 17. Bxe7 Bxe7 18. Nxg7+ Kf8 19. Nh5 b5 20. bxc4 bxc4 21. Rb1
f6 22. Nf4 Kf7 23. Nh4 fxe5 24. Qh5+ Kf8 25. Nfg6+ Kg7 26. Nxh8 Bxh4 27. Qxh4
Kxh8 28. dxe5 Rf8 29. O-O Qg7 30. Qg3 Qc7 31. Rb5 a6 32. Rb4 Rf5 33. f4 Rf7 34.
Rfb1 Qc5+ 35. Qf2 Qxf2+ 36. Kxf2 Rxf4+ 37. Ke3 Re4+ 38. Kd2 Rxe5 39. Re1 Rg5
40. g3 e5 41. Rb6 a5 42. Rb5 e4 43. Rxa5 h5 44. Rxe4 Nf6 45. Ra8+ Kg7 46. Re7+
Kg6 47. Ra6 Rf5 48. Ree6 Kf7 49. Rxf6+ Rxf6 50. Rxf6+ Kxf6 51. Ke3 Ke5 52. a4
Kd6 53. Kd4 Kc6 54. a5 Kb5 55. Kxd5 Kxa5 56. Kxc4 Kb6 57. Kd5 Kc7 58. h3 Kd7
59. g4 hxg4 60. hxg4 Ke7 61. c4 Kf6 62. c5 Kg5 63. c6 Kxg4 64. c7 Kf4 65. c8=Q
Ke3 66. Qc4 Kf3 67. Qd4 Kg3 68. Qe4 Kh3 69. Qg6 Kh2 70. Ke4 Kh3 71. Kf3 Kh4 72.
Qg4# 1-0

[Event "DVM U14w 2012"]
[Site "Magdeburg GER"]
[Date "2012.12.27"]
[Round "1"]
[White "Fuchs, Joline"]
[Black "Hinzke, Anna-Lena"]
[Result "0-1"]
[Termination "normal"]
[Board "1.3"]
[WhiteElo "1041"]
[BlackElo "1458"]
[WhiteTeam "USG Chemnitz"]
[BlackTeam "SG Oesede-Georgsmarienhütte"]
[WhiteFideId "12964506"]
[BlackFideId "12928704"]
[EventCountry "GER"]
[EventRounds "7"]
[EventType "team-swiss"]
[EventDate "2012.12.26"]

1. e4 e6 2. d4 d5 3. e5 c5 4. dxc5 Bxc5 5. Nf3 Nc6 6. Be3 Bxe3 7. fxe3 Qb6 8.
Qd2 Qxb2 9. Qc3 Qxc3+ 10. Nxc3 a6 11. Bd3 Nh6 12. O-O O-O 13. Ne2 Ng4 14. e4
Ncxe5 15. Nxe5 Nxe5 16. exd5 Nxd3 17. cxd3 exd5 18. d4 g5 19. Ng3 f5 20. Rf2 f4
21. Nh5 Bg4 22. Nxf4 Rxf4 23. h3 Rxf2 24. Kxf2 Rf8+ 25. Kg3 Bd7 26. Re1 Re8 27.
Rf1 Re3+ 28. Rf3 Rxf3+ 29. Kxf3 Kf7 30. g4 Kg6 31. Kg3 h5 32. gxh5+ Kxh5 33. a3
a5 34. Kg2 Kh4 35. Kh2 Bxh3 36. a4 Bd7 37. Kg2 Bxa4 38. Kh2 b5 39. Kg2 b4 40.
Kf2 b3 41. Ke2 b2 42. Kd3 b1=Q+ 43. Ke3 Qe4+ 44. Kd2 Qf3 45. Ke1 Qc3+ 46. Kf2
Qd3 47. Ke1 Qc2 48. Kf1 Kg3 49. Ke1 Kf3 50. Kf1 Qc1# 0-1

[Event "DVM U14w 2012"]
[Site "Magdeburg GER"]
[Date "2012.12.27"]
[Round "1"]
[White "Wang, Yanru"]
[Black "Belusa, Laura Sophie"]
[Result "1-0"]
[Termination "normal"]
[Board "1.4"]
[WhiteElo "1413"]
[BlackElo "1023"]
[WhiteTeam "SG Oesede-Georgsmarienhütte"]
[BlackTeam "USG Chemnitz"]
[WhiteFideId "12929328"]
[BlackFideId "12964522"]
[EventCountry "GER"]
[EventRounds "7"]
[EventType "team-swiss"]
[EventDate "2012.12.26"]

1. f4 f5 2. b3 e6 3. Nf3 Nc6 4. Bb2 d5 5. e3 a6 6. Be2 Nf6 7. O-O Rg8 8. a3 b6
9. Qe1 h6 10. Qg3 g6 11. Nc3 Bb7 12. b4 b5 13. h3 Qd7 14. d3 O-O-O 15. Qe1 g5
16. Nxb5 Be7 17. Nbd4 g4 18. hxg4 fxg4 19. Nxc6 Qxc6 20. Nd4 Qe8 21. g3 Qh5 22.
Qf2 Qh3 23. Qh2 Rd6 24. Qxh3 gxh3 25. Kh2 h5 26. Kxh3 Ng4 27. Bxg4 hxg4+ 28.
Kg2 Kb8 29. Rh1 Bf6 30. Rh6 e5 31. Nf5 Rc6 32. Rc1 Bg7 33. Rxc6 Bxc6 34. Ne7
Re8 35. Nxc6+ Kb7 36. Nxe5 Bxe5 37. Bxe5 c6 38. Rh1 Kb6 39. a4 Rg8 40. Rh8 Rxh8
41. Bxh8 a5 42. bxa5+ Kxa5 43. f5 Kxa4 44. f6 Kb4 45. f7 {es folgt Kc3} 1-0

[Event "DVM U14w 2012"]
[Site "Magdeburg GER"]
[Date "2012.12.27"]
[Round "1"]
[White "Moses, Selina"]
[Black "Winterberg, Johanna"]
[Result "1-0"]
[Termination "normal"]
[Board "2.1"]
[WhiteElo "1724"]
[BlackElo "1327"]
[WhiteTeam "Muldental Wilkau-Haßlau"]
[BlackTeam "SV Breitenworbis"]
[WhiteFideId "12908070"]
[BlackFideId "12929344"]
[EventCountry "GER"]
[EventRounds "7"]
[EventType "team-swiss"]
[EventDate "2012.12.26"]

1. e4 c5 2. Nf3 Nc6 3. d4 cxd4 4. Nxd4 Nf6 5. Nc3 g6 6. Bc4 Bg7 7. Be3 O-O 8.
Bb3 d6 9. f3 Qb6 10. Nf5 Qb4 11. Nxg7 Kxg7 12. Qd2 Kg8 13. g4 Ne5 14. Qg2 Be6
15. a3 Qa5 16. Bxe6 fxe6 17. b4 Qc7 18. Bd2 d5 19. exd5 Nxd5 20. Nxd5 exd5 21.
f4 Nc4 22. Qxd5+ Rf7 23. Bc1 Nb6 24. Qb3 e5 25. f5 Qc6 26. O-O Qe4 27. h3 Nd5
28. Bh6 Rc8 29. Rad1 Nf4 30. Bxf4 exf4 31. Rd7 Qe3+ 32. Qxe3 fxe3 33. Rxf7 Kxf7
34. fxg6+ Kxg6 35. Re1 Rc3 36. a4 Kg5 37. Kg2 Kf4 38. Rf1+ Ke4 39. Rf8 Rxc2+
40. Kf1 e2+ 41. Kf2 Kd3 42. Rd8+ Kc4 43. Rc8+ Kd3 44. Rd8+ Ke4 45. Re8+ Kd3 46.
Rd8+ Kc4 47. Rc8+ Kb3 48. Rxc2 e1=Q+ 49. Kxe1 Kxc2 50. b5 Kb3 51. g5 Kxa4 52.
h4 Kxb5 53. h5 1-0

[Event "DVM U14w 2012"]
[Site "Magdeburg GER"]
[Date "2012.12.27"]
[Round "1"]
[White "Richardt, Angelina"]
[Black "Simon, Tessa"]
[Result "1-0"]
[Termination "normal"]
[Board "2.2"]
[WhiteElo "1244"]
[BlackElo "1499"]
[WhiteTeam "SV Breitenworbis"]
[BlackTeam "Muldental Wilkau-Haßlau"]
[WhiteFideId "12938149"]
[BlackFideId "12929395"]
[EventCountry "GER"]
[EventRounds "7"]
[EventType "team-swiss"]
[EventDate "2012.12.26"]

1. e4 c5 2. Nc3 Nc6 3. d3 g6 4. Be3 Bg7 5. Bxc5 Qa5 6. Be3 Bxc3+ 7. bxc3 Qxc3+
8. Bd2 Qf6 9. Ne2 e5 10. Nc3 Nge7 11. Be3 O-O 12. Bh6 Rd8 13. Qd2 Qe6 14. Be2
d5 15. exd5 Nxd5 16. Ne4 Nd4 17. O-O f5 18. Ng5 Qe7 19. Rfe1 b6 20. Bf3 Bb7 21.
c4 Nxf3+ 22. Nxf3 Nf6 23. Nxe5 Qc5 24. Qc3 Nd5 25. Qb2 Nc7 26. Nxg6 Rd7 27.
Qh8+ Kf7 28. Qg7# 1-0

[Event "DVM U14w 2012"]
[Site "Magdeburg GER"]
[Date "2012.12.27"]
[Round "1"]
[White "Fromm, Katja"]
[Black "Hendus, Isabelle"]
[Result "1-0"]
[Termination "normal"]
[Board "2.3"]
[WhiteElo "1577"]
[BlackElo "1290"]
[WhiteTeam "Muldental Wilkau-Haßlau"]
[BlackTeam "SV Breitenworbis"]
[WhiteFideId "12929409"]
[BlackFideId "12964530"]
[EventCountry "GER"]
[EventRounds "7"]
[EventType "team-swiss"]
[EventDate "2012.12.26"]

1. d4 d5 2. c4 e6 3. Nc3 Nf6 4. Bg5 Nbd7 5. e3 c6 6. Nf3 Qa5 7. a3 Bd6 8. b4
Qc7 9. c5 Be7 10. Bf4 Qd8 11. Bd3 O-O 12. O-O b6 13. a4 Nh5 14. Be5 Bb7 15. h3
Nxe5 16. Nxe5 g6 17. Be2 Nf6 18. Rb1 Ne4 19. Nxe4 dxe4 20. Qb3 Bf6 21. Ng4 Re8
22. Qc2 e5 23. dxe5 Bxe5 24. Rfd1 Qc7 25. Rd2 Rad8 26. Rbd1 Rxd2 27. Rxd2 Bc8
28. cxb6 axb6 29. Nxe5 Rxe5 30. Rd4 Qe7 31. Qxc6 Qe8 32. Qxe8+ Rxe8 33. Bb5 Rf8
34. Rxe4 Be6 35. Rd4 Rc8 36. Rd6 Rc1+ 37. Kh2 Rb1 38. Rd4 Kg7 39. Bc6 Rc1 40.
b5 Kf6 41. Rd8 Bb3 42. Ra8 Ra1 43. Ra6 Rxa4 44. Rxb6 Rb4 45. Kg3 Ke5 46. Bb7
Bc4 47. f4+ Kf5 48. Kf3 Bxb5 49. g4# 1-0

[Event "DVM U14w 2012"]
[Site "Magdeburg GER"]
[Date "2012.12.27"]
[Round "1"]
[White "Diederich, Lena"]
[Black "Böhle, Rebecca"]
[Result "0-1"]
[Termination "normal"]
[Board "2.4"]
[WhiteElo "1219"]
[BlackElo "1249"]
[WhiteTeam "SV Breitenworbis"]
[BlackTeam "Muldental Wilkau-Haßlau"]
[WhiteFideId "12964549"]
[BlackFideId "12963933"]
[EventCountry "GER"]
[EventRounds "7"]
[EventType "team-swiss"]
[EventDate "2012.12.26"]

1. e4 e5 2. Nf3 Nc6 3. Bc4 Nf6 4. d3 Bc5 5. c3 d6 6. b4 Bb6 7. O-O Bg4 8. Nbd2
O-O 9. h3 Bh5 10. Re1 d5 11. exd5 Nxd5 12. Ne4 Nf4 13. Bxf4 exf4 14. Ned2 Qf6
15. d4 a5 16. b5 Ne7 17. Qe2 Nf5 18. Qe4 Nd6 19. Qe5 Bxf3 20. Qxf6 gxf6 21.
gxf3 Kh8 22. a4 c5 23. bxc6 bxc6 24. Bb3 Nf5 25. Ne4 Nh4 26. Bd1 Rae8 27. Be2
Rg8+ 28. Kh1 Rg6 29. Nd6 Rf8 30. Bd3 Rh6 31. Be4 f5 32. Nxf5 Nxf5 33. Bxf5 Rg8
34. Rg1 Rh5 35. Rxg8+ Kxg8 36. Bd7 c5 37. Rb1 Bc7 38. Rb5 Rd5 39. Bg4 f5 40.
Bh5 Rd6 41. Rxc5 Bb6 42. Rc8+ Kg7 43. Be8 Re6 44. d5 Re1+ 45. Kg2 Rd1 46. Rc6
Bd8 47. d6 Rd2 48. d7 Bh4 49. Re6 Rxf2+ 50. Kg1 Rxf3 51. c4 Rc3 52. Rc6 f3 53.
Rc7 f2+ 54. Kh2 Bg3+ 55. Kg2 Bxc7 56. Kxf2 Rxh3 57. c5 Rc3 58. Ke2 Rxc5 59. Kf3
Rd5 0-1

[Event "DVM U14w 2012"]
[Site "Magdeburg GER"]
[Date "2012.12.27"]
[Round "1"]
[White "Titgemeyer, Eva Maria"]
[Black "Hund, Sarah"]
[Result "1-0"]
[Termination "normal"]
[Board "3.1"]
[WhiteElo "1622"]
[BlackElo "1859"]
[WhiteTeam "SG Porz"]
[BlackTeam "SK Freiburg Zähringen 1887"]
[WhiteFideId "24655350"]
[BlackFideId "12923338"]
[EventCountry "GER"]
[EventRounds "7"]
[EventType "team-swiss"]
[EventDate "2012.12.26"]

1. e4 e5 2. Nf3 Nc6 3. Bc4 Bc5 4. O-O Nf6 5. d4 exd4 6. e5 d5 7. exf6 dxc4 8.
Re1+ Be6 9. Ng5 Qd7 10. Nxe6 fxe6 11. Qh5+ g6 12. Qxc5 O-O-O 13. Qxc4 e5 14.
Nd2 Qf5 15. Ne4 Kb8 16. a4 h5 17. Ra3 h4 18. Rf3 Qh5 19. Nc5 e4 20. Qb5 Na5 21.
Nxe4 Rd5 22. Qd3 Rf8 23. Bd2 Nc6 24. Qb3 Ne5 25. Rh3 Nf7 26. Rxh4 Qxh4 27. Qxd5
1-0

[Event "DVM U14w 2012"]
[Site "Magdeburg GER"]
[Date "2012.12.27"]
[Round "1"]
[White "Lohrmann, Tabea"]
[Black "Sewald, Kathrin"]
[Result "0-1"]
[Termination "normal"]
[Board "3.2"]
[WhiteElo "1461"]
[BlackElo "1335"]
[WhiteTeam "SK Freiburg Zähringen 1887"]
[BlackTeam "SG Porz"]
[WhiteFideId "12911941"]
[BlackFideId "12964557"]
[EventCountry "GER"]
[EventRounds "7"]
[EventType "team-swiss"]
[EventDate "2012.12.26"]

1. e4 e5 2. Nf3 Nc6 3. d4 exd4 4. Bc4 h6 5. Bf4 Bb4+ 6. c3 dxc3 7. Nxc3 d6 8.
O-O Nge7 9. Re1 O-O 10. Qd3 Ng6 11. Bg3 Re8 12. a3 Bc5 13. Nd5 Nce5 14. Bxe5
Nxe5 15. Nxe5 Rxe5 16. Qf3 Be6 17. Rac1 Bd4 18. Qb3 c6 19. Nf4 Qe7 20. Re2 Bg4
21. Ng6 Qf6 22. Nxe5 Bxe2 23. Bxf7+ Kh7 24. Bg6+ Kh8 25. Nf7+ Kg8 26. Nxh6+ Kh8
27. Nf7+ Kg8 28. Nxd6+ Kf8 29. Qxb7 Qxf2+ 30. Kh1 Rd8 31. Nf5 Kg8 32. Qb3+ Bc4
33. Qxc4+ Kh8 34. Rd1 c5 0-1

[Event "DVM U14w 2012"]
[Site "Magdeburg GER"]
[Date "2012.12.27"]
[Round "1"]
[White "Schröter, Sophie"]
[Black "Cejda, Cecilia"]
[Result "1/2-1/2"]
[Termination "normal"]
[Board "3.3"]
[WhiteElo "1103"]
[BlackElo "1357"]
[WhiteTeam "SG Porz"]
[BlackTeam "SK Freiburg Zähringen 1887"]
[WhiteFideId "12941786"]
[BlackFideId "12921122"]
[EventCountry "GER"]
[EventRounds "7"]
[EventType "team-swiss"]
[EventDate "2012.12.26"]

1. e4 e5 2. Nf3 Nc6 3. Bb5 a6 4. Bxc6 dxc6 5. d3 Bd6 6. Nc3 Bg4 7. h3 Bh5 8.
Be3 Nf6 9. Qd2 Bxf3 10. gxf3 Qe7 11. f4 O-O-O 12. fxe5 Bxe5 13. Bf4 Bxf4 14.
Qxf4 Qb4 15. O-O-O Qc5 16. Qe3 Qxe3+ 17. fxe3 Rhe8 18. Rhg1 g6 19. Rgf1 Nh5 20.
Rxf7 h6 21. Rh7 Rh8 22. Rxh8 Rxh8 23. Ne2 Rf8 24. Rg1 g5 25. Ng3 Nxg3 26. Rxg3
Rf1+ 27. Kd2 Ra1 28. a3 Rh1 29. Kc3 Kd7 30. Rf3 Ke6 31. Kd4 1/2-1/2

[Event "DVM U14w 2012"]
[Site "Magdeburg GER"]
[Date "2012.12.27"]
[Round "1"]
[White "Atabay, Hatun"]
[Black "Müller, Jennifer"]
[Result "1-0"]
[Termination "normal"]
[Board "3.4"]
[WhiteElo "1116"]
[BlackElo "940"]
[WhiteTeam "SK Freiburg Zähringen 1887"]
[BlackTeam "SG Porz"]
[WhiteFideId "12929603"]
[EventCountry "GER"]
[EventRounds "7"]
[EventType "team-swiss"]
[EventDate "2012.12.26"]

1. e4 e5 2. Nf3 Nc6 3. Bc4 Bc5 4. c3 Nf6 5. d4 exd4 6. cxd4 Bb4+ 7. Bd2 Bxd2+
8. Nbxd2 d6 9. h3 Qe7 10. O-O O-O 11. Re1 Nd7 12. a3 Qf6 13. Nb3 Re8 14. Qd3 a6
15. Rad1 Qg6 16. Nh4 Qg5 17. Qf3 Nf6 18. Nf5 Qg6 19. Bd3 Bxf5 20. exf5 Qg5 21.
Bc2 Rab8 22. Re2 Rxe2 23. Qxe2 Re8 24. Qd2 Qxd2 25. Rxd2 b6 26. Bd3 a5 27. Bb5
Re1+ 28. Kh2 Ne7 29. g4 Ned5 30. Rc2 Re7 31. Nd2 h6 32. Kg3 Nd7 33. Bc4 N7f6
34. h4 c6 35. Bd3 c5 36. dxc5 dxc5 37. Bc4 Nc7 38. g5 hxg5 39. hxg5 Ne4+ 40.
Nxe4 Rxe4 41. g6 b5 42. Bxf7+ Kf8 43. Rxc5 Re7 44. Rc6 Rd7 45. Rb6 Rd2 46. Rb8+
Ke7 47. Rb7 Rd7 48. Kf4 Kf6 49. Rb6+ Ke7 50. f6+ gxf6 51. Kf5 Ne8 52. Re6+ Kf8
53. Rxe8+ Kg7 54. Rg8+ Kh6 55. Rh8+ Kg7 56. Rh7+ Kf8 57. g7+ Kxf7 58. g8=Q+
Kxg8 59. Rxd7 1-0

[Event "DVM U14w 2012"]
[Site "Magdeburg GER"]
[Date "2012.12.27"]
[Round "1"]
[White "Nobis, Anna"]
[Black "Schnepper, Pauline"]
[Result "1-0"]
[Termination "normal"]
[Board "4.1"]
[WhiteElo "1708"]
[BlackElo "1580"]
[WhiteTeam "Chemnitzer SC Aufbau"]
[BlackTeam "SK 1929 Mainaschaff"]
[WhiteFideId "1270302"]
[BlackFideId "12918040"]
[EventCountry "GER"]
[EventRounds "7"]
[EventType "team-swiss"]
[EventDate "2012.12.26"]

1. e4 c6 2. d4 d5 3. exd5 cxd5 4. Bd3 Nf6 5. Nc3 Nc6 6. Nb1 Nb8 7. c3 Nc6 8.
Bf4 e6 9. Nf3 Qb6 10. Qc2 Bd7 11. O-O Rc8 12. Qe2 Na5 13. Ne5 Bd6 14. b4 Nc4
15. Bxc4 Bxe5 16. dxe5 Rxc4 17. Be3 Qd8 18. exf6 Qxf6 19. Bd4 Rxd4 20. cxd4
Qxd4 21. Nd2 O-O 22. a3 a6 23. Nf3 Qg4 24. Qd2 1-0

[Event "DVM U14w 2012"]
[Site "Magdeburg GER"]
[Date "2012.12.27"]
[Round "1"]
[White "Schwind, Clara"]
[Black "Kempe, Anne"]
[Result "0-1"]
[Termination "normal"]
[Board "4.2"]
[WhiteElo "1375"]
[BlackElo "1713"]
[WhiteTeam "SK 1929 Mainaschaff"]
[BlackTeam "Chemnitzer SC Aufbau"]
[WhiteFideId "12964581"]
[BlackFideId "12918083"]
[EventCountry "GER"]
[EventRounds "7"]
[EventType "team-swiss"]
[EventDate "2012.12.26"]

1. e4 c5 2. Nf3 d6 3. d4 cxd4 4. Nxd4 Nf6 5. Nc3 Nc6 6. Bb5 Bd7 7. O-O g6 8.
Be3 Bg7 9. Nxc6 Bxc6 10. Bxc6+ bxc6 11. Qd2 Ng4 12. Bf4 O-O 13. h3 Ne5 14. Bh6
Nc4 15. Qc1 Bxh6 16. Qxh6 Nxb2 17. h4 Qa5 18. Ne2 Qe5 19. Ng3 Nc4 20. Rab1 Rab8
21. Rfe1 Rb2 22. Rxb2 Qxb2 23. Qg5 Qf6 24. Rb1 Qxg5 25. hxg5 Nb6 26. Rb3 f6 27.
gxf6 exf6 28. Ne2 Re8 29. Nd4 c5 30. Nb5 Rxe4 31. Nxa7 Rb4 32. Nb5 Rxb3 33.
axb3 d5 34. Kf1 Kf7 35. Ke2 Ke6 36. Nc7+ Ke5 37. Na6 Kd6 38. b4 cxb4 39. Nxb4
Kc5 40. Nd3+ Kd4 41. Kd2 Nc4+ 42. Kd1 Ne5 43. Kd2 Nxd3 44. cxd3 h5 45. Ke2 Kc3
46. Ke3 d4+ 0-1

[Event "DVM U14w 2012"]
[Site "Magdeburg GER"]
[Date "2012.12.27"]
[Round "1"]
[White "Lukin, Jana"]
[Black "Pfeufer, Helena"]
[Result "1/2-1/2"]
[Termination "normal"]
[Board "4.3"]
[WhiteElo "1203"]
[BlackElo "1012"]
[WhiteTeam "Chemnitzer SC Aufbau"]
[BlackTeam "SK 1929 Mainaschaff"]
[WhiteFideId "12963968"]
[BlackFideId "12964590"]
[EventCountry "GER"]
[EventRounds "7"]
[EventType "team-swiss"]
[EventDate "2012.12.26"]

1. e4 e5 2. Nf3 Nc6 3. Bc4 Bc5 4. b4 Bxb4 5. c3 Be7 6. d4 exd4 7. cxd4 Nf6 8.
e5 Ne4 9. O-O O-O 10. a3 d6 11. d5 Nxe5 12. Nxe5 dxe5 13. Bb2 Bf6 14. Nc3 Nd6
15. Bd3 Bf5 16. Bxf5 Nxf5 17. Re1 Re8 18. a4 Qd6 19. Nb5 Qc5 20. Rc1 Qe7 21.
Nxc7 Bg5 22. Rc2 Rac8 23. Nxe8 Rxe8 24. Rxe5 Qd7 25. Rxe8+ Qxe8 26. Re2 Qd7 27.
Qe1 Kf8 28. Ba3+ Be7 29. d6 Bxd6 30. Bxd6+ Nxd6 31. Qb4 Qc6 32. Re1 b6 33. Rd1
Ke7 34. Qh4+ f6 35. Qxh7 Kf7 36. Qh5+ Ke7 37. Re1+ Kd7 38. Qh7 Ne8 39. Qg8 Kd8
40. Rd1+ Ke7 41. Qb3 Qe4 42. Qc3 Qxa4 43. Re1+ Kf7 44. Qe3 Qd7 45. Qb3+ Kf8 46.
Qb4+ Kf7 47. Rc1 Nc7 48. Qf4 Nd5 49. Qc4 b5 1/2-1/2

[Event "DVM U14w 2012"]
[Site "Magdeburg GER"]
[Date "2012.12.27"]
[Round "1"]
[White "Damrich, Alina"]
[Black "Brewig, Becky"]
[Result "1-0"]
[Termination "normal"]
[Board "4.4"]
[WhiteElo "949"]
[BlackElo "887"]
[WhiteTeam "SK 1929 Mainaschaff"]
[BlackTeam "Chemnitzer SC Aufbau"]
[WhiteFideId "12964603"]
[BlackFideId "12964425"]
[EventCountry "GER"]
[EventRounds "7"]
[EventType "team-swiss"]
[EventDate "2012.12.26"]

1. e4 c5 2. Nf3 d6 3. d4 cxd4 4. Nxd4 Nf6 5. Nc3 g6 6. Bb5+ Bd7 7. Bxd7+ Qxd7
8. O-O Bg7 9. Bg5 O-O 10. Qf3 Nc6 11. Nxc6 bxc6 12. Rfe1 Qe6 13. Re2 Qe5 14.
Bf4 Qd4 15. Qe3 Qb4 16. Rb1 Ng4 17. Qc1 Qd4 18. h3 Nf6 19. Qe3 Qc4 20. e5 Nh5
21. Qe4 Qe6 22. exd6 Nxf4 23. Qxf4 Qd7 24. dxe7 Rfe8 25. Rd1 Qb7 26. Qc1 Rxe7
27. Rxe7 Qxe7 28. Re1 Qc5 29. Ne4 Qd5 30. b3 Qe5 31. Ng3 Qf4 32. Qxf4 Bc3 33.
Re7 Rf8 34. Qe3 Bf6 35. Re8 Kg7 36. Rxf8 Kxf8 37. Qxa7 Be7 38. Qb8+ Kg7 39.
Qe5+ Kf8 40. Qh8# 1-0

[Event "DVM U14w 2012"]
[Site "Magdeburg GER"]
[Date "2012.12.27"]
[Round "1"]
[White "Nguyen, Ha Thanh"]
[Black "Wiesner, Paula"]
[Result "0-1"]
[Termination "normal"]
[Board "5.1"]
[WhiteElo "1299"]
[BlackElo "1817"]
[WhiteTeam "SV Empor Erfurt"]
[BlackTeam "Karlsruher SF 1853"]
[WhiteFideId "12942154"]
[BlackFideId "24654019"]
[EventCountry "GER"]
[EventRounds "7"]
[EventType "team-swiss"]
[EventDate "2012.12.26"]

1. e4 e6 2. d4 d5 3. Nc3 Bb4 4. e5 Ne7 5. Bd2 Nf5 6. Nce2 Be7 7. c3 c5 8. Nf3
Qb6 9. Rb1 Nc6 10. Bf4 cxd4 11. Nexd4 Nfxd4 12. Nxd4 Bc5 13. Bb5 O-O 14. Bxc6
bxc6 15. O-O Ba6 16. Re1 Be7 17. Qg4 Bd3 18. Rbd1 Bg6 19. b3 c5 20. Ne2 Rfd8
21. Be3 Qc7 22. Bf4 a5 23. Qf3 a4 24. bxa4 Rxa4 25. Ra1 Qa7 26. Nc1 Ra3 27. Re3
Rb8 28. Qe2 d4 29. cxd4 cxd4 30. Rxa3 Qxa3 31. h3 d3 32. Qd1 Rb2 33. Bd2 Bd8
34. Qe1 Bb6 35. Bc3 Bxf2+ 36. Qxf2 Rxf2 37. Rb1 Qa7 38. Bd4 Rb2 39. Bxa7 Rxb1
40. Be3 Rb2 41. Nb3 Rxa2 42. Kh2 f6 43. exf6 gxf6 44. Kg3 Kf7 45. Kf3 e5 46. g4
f5 47. gxf5 Bxf5 48. h4 Rh2 49. Kg3 Rh3+ 50. Kf2 Rxh4 51. Kg3 Rh3+ 52. Kf2 h5
53. Nd2 Bg4 54. Ne4 Rf3+ 55. Kg2 Rxe3 56. Nc5 d2 57. Kf2 d1=Q 58. Kxe3 Qe2# 0-1

[Event "DVM U14w 2012"]
[Site "Magdeburg GER"]
[Date "2012.12.27"]
[Round "1"]
[White "Romanova, Alena"]
[Black "Allin, Katharina"]
[Result "1-0"]
[Termination "normal"]
[Board "5.2"]
[WhiteElo "1590"]
[BlackElo "1286"]
[WhiteTeam "Karlsruher SF 1853"]
[BlackTeam "SV Empor Erfurt"]
[WhiteFideId "12918784"]
[BlackFideId "12903779"]
[EventCountry "GER"]
[EventRounds "7"]
[EventType "team-swiss"]
[EventDate "2012.12.26"]

1. e4 e5 2. Nf3 Nc6 3. Bc4 Bc5 4. d3 Nf6 5. Nc3 d6 6. Bg5 h6 7. Bh4 g5 8. Bg3
Bg4 9. h4 Rg8 10. Na4 Bb6 11. Nxb6 axb6 12. hxg5 hxg5 13. c3 Nd7 14. Rh7 Be6
15. Bxe6 fxe6 16. Nxe5 Nf6 17. Nxc6 bxc6 18. Rh6 Qe7 19. e5 dxe5 20. Bxe5 Nd5
21. Qh5+ Qf7 22. Rxe6+ Kf8 23. Qh6+ 1-0

[Event "DVM U14w 2012"]
[Site "Magdeburg GER"]
[Date "2012.12.27"]
[Round "1"]
[White "Rieger, Lotta"]
[Black "Bykov, Ilona"]
[Result "1/2-1/2"]
[Termination "normal"]
[Board "5.3"]
[WhiteElo "1062"]
[BlackElo "1126"]
[WhiteTeam "SV Empor Erfurt"]
[BlackTeam "Karlsruher SF 1853"]
[WhiteFideId "12964620"]
[BlackFideId "12964433"]
[EventCountry "GER"]
[EventRounds "7"]
[EventType "team-swiss"]
[EventDate "2012.12.26"]

1. e4 e5 2. Nf3 Nc6 3. Bc4 Bc5 4. Nc3 d6 5. h3 Nf6 6. d3 Be6 7. Bb3 d5 8. exd5
Nxd5 9. Nxd5 Bxd5 10. Ba4 Qf6 11. c4 Bxf3 12. Qxf3 Bb4+ 13. Bd2 Bxd2+ 14. Kxd2
Qh6+ 15. Qe3 Qd6 16. c5 Qd5 17. Rae1 O-O 18. Bxc6 Qxc6 19. Qxe5 Qxg2 20. Rhg1
Qxf2+ 21. Kc3 f6 22. Qe6+ Kh8 23. Qe7 Rg8 24. Rc1 Rac8 25. Rg4 Qf5 26. Rcg1
Qe5+ 27. Qxe5 fxe5 28. Re4 Rge8 29. Rg5 g6 30. Rgxe5 Rxe5 31. Rxe5 Kg7 32. d4
1/2-1/2

[Event "DVM U14w 2012"]
[Site "Magdeburg GER"]
[Date "2012.12.27"]
[Round "1"]
[White "Henke, Hanna"]
[Black "Schulz, Theresa Charlotte"]
[Result "0-1"]
[Termination "normal"]
[Board "5.4"]
[WhiteElo "891"]
[BlackElo "964"]
[WhiteTeam "Karlsruher SF 1853"]
[BlackTeam "SV Empor Erfurt"]
[WhiteFideId "12964441"]
[BlackFideId "12952206"]
[EventCountry "GER"]
[EventRounds "7"]
[EventType "team-swiss"]
[EventDate "2012.12.26"]

1. e4 e5 2. Nf3 Nc6 3. Bc4 Bc5 4. c3 Nf6 5. d3 d5 6. exd5 Nxd5 7. O-O O-O 8.
Nbd2 Bg4 9. Bb3 Nce7 10. Qe1 f6 11. Qe4 Bf5 12. Qe1 Bxd3 13. Ne4 Bb6 14. Qd1
Bxe4 15. c4 Kh8 16. cxd5 Bxd5 17. Bc2 Bxf3 18. Qxf3 Qd5 19. Qh3 e4 20. Re1 Qc5
21. Re2 f5 22. Be3 Qe5 23. Bd2 Ng6 24. Bc3 Qd6 25. Qh6 Bd4 26. Qh3 Nf4 27. Qh4
Nxe2+ 28. Kf1 Nxc3 29. bxc3 Qa6+ 30. Kg1 Bxc3 31. Rc1 Qxa2 32. Qg3 Qb2 33. Qe3
Bd4 34. Qe1 f4 35. h3 e3 36. fxe3 Bxe3+ 37. Kh2 Qxc1 38. Qxc1 Bxc1 39. Kg1 f3
40. gxf3 Rxf3 41. Kg2 Raf8 42. Be4 Rf2+ 43. Kg3 c5 44. Bxb7 c4 45. Bd5 c3 46.
Be4 c2 47. Bxc2 Rxc2 48. h4 Rc3+ 49. Kg4 Rc4+ 50. Kg3 Rxh4 51. Kxh4 Rf5 52. Kg4
g6 53. Kh4 Kg7 54. Kg4 Kf6 55. Kg3 Kg5 56. Kh3 Rf4 57. Kg3 Kf5 58. Kg2 Kg4 59.
Kh2 Rf2+ 60. Kg1 Kg3 61. Kh1 Rf1# 0-1